000 00928nam a2200265Ia 4500
003 OSt
005 20221005111151.0
006 a|||||r|||| 00| 0
007 ta
008 221004b |||||||| |||| 00| 0 hin d
020 _a8170556991 (hbk)
_c950
024 _a17415
037 _b519, 21/03/2015, Vani Prakashan
_cTextual
040 _aCRL
_cCRL
_bhin
041 _2hin
_ahin
082 _aO168,1N45x, 152Q0
100 _aबसन्त प्रताप सिंह
245 0 _aकल्चर यक्सॉं
246 _aKalchar yaksaॉan
260 _aनई दिल्ली
_bवाणी प्रकाशन भारत
_c2010
300 _a432पृ0
_ccm.
650 _aहिन्दी साहित्य
942 _hO168,1N45x, 152Q0
_cTEXL
_2cc
999 _c1021018
_d1021018